书目信息 |
| 题名: |
思想政治学科认知结构及教学构建研究
|
|
| 作者: | 陈明青 著 | |
| 分册: | ||
| 出版信息: | 上海 上海教育出版社 2017 |
|
| 页数: | 256页 | |
| 开本: | 24cm | |
| 丛书名: | ||
| 单 册: | ||
| 中图分类: | G633.202 | |
| 科图分类: | ||
| 主题词: | 政治课--教学研究--中学 | |
| 电子资源: | ||
| ISBN: | 978-7-5444-7451-1 | |
| 000 | 00931nam0 2200229 450 | |
| 001 | 3265 | |
| 005 | 20180527142741.93 | |
| 010 | @a978-7-5444-7451-1@dCNY40.00 | |
| 100 | @a20171116d2017 em y0chiy50 ea | |
| 101 | 0 | @achi |
| 102 | @aCN@b310000 | |
| 105 | @ay z 000yy | |
| 200 | 1 | @a思想政治学科认知结构及教学构建研究@9si xiang zheng zhi xue ke ren zhi jie gou ji jiao xue gou jian yan jiu@f陈明青著 |
| 210 | @a上海@c上海教育出版社@d2017 | |
| 215 | @a256页@d24cm | |
| 300 | @a受上海市教师专业发展工程领导小组办公室资助 | |
| 330 | @a本书选择了学生认知结构这一新颖的视角,来研究中学思想政治学科的教育教学改革问题。作者追溯了认知结构理论的发展进程,对思想政治学科认知结构的内涵、特点、构建机制、影响因素和测量评价等问题,进行了较为系统的理论阐释。 | |
| 606 | 0 | @a政治课@x教学研究@x中学 |
| 690 | @aG633.202@v5 | |
| 701 | 0 | @a陈明青@9chen ming qing@c(女)@4著 |
| 801 | 0 | @aCN@b91MARC@c20171116 |
| 905 | @aMuseLib@dG633.202@e132 | |
| 思想政治学科认知结构及教学构建研究/陈明青著.-上海:上海教育出版社,2017 |
| 256页;24cm |
| 受上海市教师专业发展工程领导小组办公室资助 |
| ISBN 978-7-5444-7451-1:CNY40.00 |
| 本书选择了学生认知结构这一新颖的视角,来研究中学思想政治学科的教育教学改革问题。作者追溯了认知结构理论的发展进程,对思想政治学科认知结构的内涵、特点、构建机制、影响因素和测量评价等问题,进行了较为系统的理论阐释。 |
| ● |
| 相关链接 |
|
|
|
|
正题名:思想政治学科认知结构及教学构建研究
索取号:G633.202/132
 
预约/预借
| 序号 | 登录号 | 条形码 | 馆藏地/架位号 | 状态 | 备注 |
| 1 | 1108504 | 211085047 | 第一样本阅览室/ [索取号:G633.202/132] | 在馆 | |
| 2 | 1108505 | 211085056 | 教育系资料室/ [索取号:G633.202/132] | 在馆 | |
| 3 | 1108506 | 211085065 | 教育系资料室/ [索取号:G633.202/132] | 在馆 | |
| 4 | 1108507 | 211085074 | 第四借阅区/ [索取号:G633.202/132] | 在馆 |